|
|
|
|
| LEADER |
01710nam a2200373 a 4500 |
| 001 |
0007284 |
| 003 |
BD-DhAAL |
| 008 |
090804s1996 nyu b 001 0 eng d |
| 010 |
|
|
|a \\\95045098
|
| 020 |
|
|
|a 0791040615
|
| 020 |
|
|
|a 0791040909 (pbk.)
|
| 040 |
|
|
|a DLC
|c DLC
|d DLC
|d BD-DhAAL
|
| 082 |
0 |
0 |
|a 883.01
|2 20
|
| 245 |
0 |
0 |
|a Homer's Iliad /
|c edited and with an introduction by Harold Bloom.
|
| 246 |
3 |
0 |
|a Iliad
|
| 260 |
|
|
|a New York :
|b Chelsea House Publishers,
|c 1996.
|
| 300 |
|
|
|a 92 p. ;
|c 24 cm
|
| 490 |
0 |
|
|a Bloom's notes
|
| 500 |
|
|
|a "A contemporary literary views book."
|
| 504 |
|
|
|a Includes bibliographical references (p. 84-89) and index.
|
| 526 |
|
|
|a ENH
|x Prof. Syed Manzoorul Islam
Faculty Member of BRAC University
|
| 541 |
1 |
|
|e 00017172
|a Friends' Book Corner
|
| 600 |
0 |
0 |
|a Homer.
|t Iliad.
|9 58322
|
| 600 |
0 |
1 |
|a Homer.
|t Iliad.
|9 58322
|
| 650 |
|
0 |
|a Epic poetry, Greek
|x Examinations
|x Study guides.
|9 58323
|
| 650 |
|
0 |
|a Achilles (Greek mythology) in literature.
|9 58324
|
| 650 |
|
0 |
|a Trojan War
|x Literature and the war.
|9 11468
|
| 650 |
|
1 |
|a Greek literature
|x History and criticism.
|9 58325
|
| 700 |
1 |
|
|a Bloom, Harold.
|
| 852 |
4 |
|
|a Ayesha Abed Library
|c General Stacks
|
| 942 |
|
|
|2 ddc
|c BK
|
| 999 |
|
|
|c 3694
|d 3694
|
| 952 |
|
|
|0 0
|1 0
|2 ddc
|4 0
|6 883_010000000000000_HOM
|7 0
|9 3356
|a BRACUL
|b BRACUL
|c GEN
|d 2009-09-03
|e Friends' Book Corner
|g 140.00
|l 2
|m 5
|o 883.01 HOM
|p 3010017172
|r 2024-05-13
|s 2024-03-19
|t 2
|w 2009-09-03
|y BK
|x Requisitioned by Prof. Syed Manzoorul Islam (Faculty Member of BRAC University).
|
| 952 |
|
|
|0 0
|1 0
|2 ddc
|4 0
|6 883_000000000000000__01_HOM
|7 0
|9 61565
|a SCL
|b SCL
|c GEN
|d 2017-10-12
|e Friends' Book Corner
|g 120.00
|l 8
|m 27
|o 883.01 HOM
|p 3020007284
|r 2023-02-07
|s 2023-01-31
|t 1
|w 2017-10-12
|y BK
|